| 000 | 00781cam a2200229 4500 | ||
|---|---|---|---|
| 001 | ABS61422 | ||
| 008 | 000000n1999 000 0 eng u | ||
| 035 | _a(Sirsi) u100437 | ||
| 100 | _aBell, G | ||
| 245 | _aConsidering major developments: the need for change | ||
| 260 | _c1999 | ||
| 490 |
_aTown & Country Planning _v68(10) October 1999, 294-296(3) |
||
| 520 | _aSummary of the TCPA response to the DETR consultation document '"Streamlining the processing of major projects through the planning system" May 1999. | ||
| 590 | _aABS | ||
| 650 | _aTCPA | ||
| 650 | _aDETR | ||
| 650 | _aSTREAMLINING THE PROCESSING OF MAJOR PROJECTS THROUGH THE PLANNING SYSTEM | ||
| 650 | _aPLANNING SYSTEM | ||
| 650 | _aREFORM | ||
| 690 | _aPLANNING LAW AND PRACTICE | ||
| 942 | _n0 | ||
| 999 |
_c60091 _d60091 |
||